000 00472nam a2200145Ia 4500
008 231129s2001||||xx |||||||||||||| ||spa||
020 _a84-7658-314-1
040 _bspa
082 _a300.1 M298fi
100 _aMardones J.M.
245 0 _aFilosofí­a de las ciencias humanas y sociales: materiales para una fundamentación cientí­fica
260 _c2001
264 _aBarcelona España : Anthopos Editorial
942 _2ddc
_cBKS
999 _c13964
_d13964